Effectif 2023-2024 LOSC Féminines - Statistiques

Statistiques générales
  • Ce quiz a été pris 10 fois
    7 depuis la dernière actualisation
  • Le résultat moyen est 12 sur 26
Statistiques - réponses
Poste Réponse % Correct
- Coach R. Saïdi
100%
16 Gardienne E. Launay
86%
15 Milieu J. Pian
86%
9 Attaquante J. Roux
71%
10 Milieu N. Bamenga
71%
28 Milieu A; Henry
57%
17 Attaquante J. Rabanne
57%
8 Milieu M. Boilesen
57%
11 Attaquante M. Boucly
57%
21 Défenseure M. Doucouré
57%
30 Gardienne T. Beitz
57%
2 Défenseure C. Delcroix
43%
1 Gardienne F; Philippe
43%
5 Défenseure N. El Chad
43%
4 Défenseure O. Mbala
43%
22 Défenseure T. Laplacette
43%
26 Défenseure A. Lambert
29%
14 Attaquante A. Ribeyra
29%
19 Milieu C. Lelarge
29%
7 Attaquante L; Azzaro
29%
25 Défenseure A. Ollivier
14%
6 Milieu A. Paprzycki
14%
3 Défenseure G. Devleesschauwer
14%
20 Défenseure K. Johnson
14%
34 Milieu V. Policnik
14%
33 Défenseur C. Delaby
0%
Aucun quiz correspondant
Distribution des résultats
% des personnes avec chaque résultat
Percentile par nombre de réponses
Votre historique - résultats
Vous n’avez pas pris ce quiz depuis la dernière actualisation